000 02952cam a22006494i 4500
003 PE-LiUPU
005 20250731180051.0
008 110901s2011 sp ad r 001 0 spa
020 _a9788480866927
035 _a(Sirsi) i9788480866927
040 _aPE-LiUPU
_bspa
_cPE-LiUPU
_erda
049 _aPRUA
082 0 4 _a579
_bR84
082 0 4 _a579.61
_bR84 2011
100 1 _aRosa Fraile, M. de la,
_eautor.
245 1 0 _aMicrobiología en ciencias de la salud :
_bconceptos y aplicaciones /
_cManuel de la Rosa Fraile, José Prieto Prieto, José María Navarro Marí.
250 _aTercera edición.
264 1 _aBarcelona :
_bElsevier,
_c2011.
300 _axxx, 351 páginas :
_bilustraciones ;
_c24 centímetros
336 _atext
_2rdacontent
337 _aunmediated
_2rdamedia
338 _avolume
_2rdacarrier
504 _aIncluye índice alfabético.
505 0 _aConceptos básicos -- La célula bacteriana -- Genética bacteriana -- Determinantes de la infección -- El sistema inmune y los agentes infecciosos -- Quimioterapia -- Control de los microorganismos Esterilización y desinfección.
526 _aSEG44
526 _aSEG26
526 _aP159
526 _aP155
526 _aP154
526 _aP153
526 _aP150
526 _aP100
526 _aP31
526 _aP30
526 _aP26
526 _aP25
526 _aP24
526 _aP22
526 _aP15
526 _aP10
650 7 _aMicrobiología médica.
_2embne
_9734
700 1 _aNavarro Marí, José María,
_eautor.
700 1 _aPrieto Prieto, J.,
_eautor.
910 _ajck
_cng
910 _btqv
_cwelc
_d20161102
942 _2ddc
_cBOOK
949 _a579 R84
_wDEWEY
_c1
_i70502
_d2016-9-20
_e2016-9-19
_lCCODEBUL1
_mBUL
_n4
_p70.00
_r0
_sY
_tBOOK
_u2015-7-6
_xSALUD
_PP30
_0COMPRA
_o.STAFF. Colección General
949 _a579 R84
_wDEWEY
_c2
_i70503
_d2016-11-29
_e2016-11-27
_lCCODEBUL1
_mBUL
_n8
_p70.00
_r0
_sY
_tBOOK
_u2015-7-6
_xSALUD
_PP30
_0COMPRA
_o.STAFF. Colección General
949 _a579.61 R84 2011
_wDEWEY
_c1
_iFJ03705
_lCCODEBUJ1
_mBUJ
_p70.00
_r0
_sY
_tBOOK
_u2015-9-17
_xSALUD
_PP22
_0COMPRA
_o.STAFF. Colección General Juliaca
994 _aC0
_bPEPRU
596 _a1 3
999 _a579 R84
_wDEWEY
_c6393
_i70502
_d6393
_e2019-9-22
_f2021-11-5
_g5
_lCCODEBUL1
_mBUL
_n17
_p70.00
_q14
_r0
_sY
_tBOOK
_u2015-7-6
_xBIBLIOTECA
_PP30
_0COMPRA
_o.STAFF. Colección Ciencias de la Salud
999 _a579 R84
_wDEWEY
_c2
_i70503
_d2019-10-3
_e2019-9-30
_f2021-11-5
_g5
_lCCODEBUL1
_mBUL
_n16
_p70.00
_q9
_r0
_sY
_tBOOK
_u2015-7-6
_xBIBLIOTECA
_PP30
_0COMPRA
_o.STAFF. Colección Ciencias de la Salud
999 _a579.61 R84 2011
_wDEWEY
_c1
_iFJ03705
_d2022-5-3
_e2022-4-28
_f2022-1-25
_g4
_lCCODEBUJ1
_mBUJ
_n8
_p70.00
_q4
_r0
_sY
_tBOOK
_u2015-9-17
_xSALUD
_PP22
_0COMPRA
_o.STAFF. Colección General Juliaca
980 _81
_gALBERTO SANCHEZ Responsable de Automatización